Winning political party in every Italian election - Statistics

General Stats
  • This quiz has been taken 97 times
  • The average score is 16 of 19
Answer Stats
Hint Answer % Correct
1994 Forza Italia
94%
2001 Forza Italia
94%
2008 Forza Italia
94%
2022 Brothers of Italy
92%
1948 Christian Democracy
88%
1953 Christian Democracy
88%
1958 Christian Democracy
88%
1963 Christian Democracy
88%
1968 Christian Democracy
88%
1972 Christian Democracy
88%
1976 Christian Democracy
88%
1979 Christian Democracy
88%
1983 Christian Democracy
88%
1987 Christian Democracy
88%
1992 Christian Democracy
88%
2013 Democratic Party
88%
2018 Five Star Movement
80%
2006 The Olive Tree
54%
1996 Democratic Party of the Left
29%
No matching quizzes found
Score Distribution
Percent of People with Each Score
Percentile by Number Answered
Your Score History
You have not taken this quiz